The meaning of Aphrodite = El significado de Afrodita /

保存先:
書誌詳細
第一著者: Friedrich, Paul, 1927-
フォーマット: 不明
言語:English
出版事項: Chicago : University of Chicago Press, 1978.
主題:
タグ: タグ追加
タグなし, このレコードへの初めてのタグを付けませんか!

MARC

LEADER 000000000a22000000004500
001 014225
020 |a 0226264823 
041 0 |a eng 
082 0 4 |a 291.13   |b F911m 
100 1 |a Friedrich, Paul,   |d 1927- 
245 1 4 |a The meaning of Aphrodite =   |b El significado de Afrodita /   |c Paul Friedrich. 
246 3 1 |a El significado de Afrodita 
260 1 |a Chicago :   |b University of Chicago Press,   |c 1978. 
300 |a 243 páginas :   |b ilustraciones ;   |c 22 cm. 
650 4 |a MITOLOGIA 
650 4 |a AFRODITA (DEIDAD) 
500 |a Colección George Yúdice 
999 |c 20120  |d 20120 
942 |c BK  |h 291.13 F911m  |2 z